00461nam a2200181 a 4500001001300000003000900013005001700022008004100039020001000080082001500090100002000105245002900125260003800154300000900192500003500201650002300236700002000259nice12345678IN_TiNIC20260116014638.0071217s0000 newa grp 000 0 eng  ac69500a297.1bSAL aSalahuddin, S V aIslam Peace and Conflict aNew Delhi bPentagon Press c0000 a274p aincludes index and biblioraphy aIslam-20th Century1 aSalahuddin, S V